000 00222nam a22000857a 4500
008 161112b xxu||||| |||| 00| 0 eng d
100 _91165
_aVerma.R.
245 _aScience, Phy, Chem, Bio,-X
260 _aNew Delhi
_bS. chand
_c2012
999 _c3827
_d3827